[Event "Hyderabad Pearl City op"]
[Site "Hyderabad"]
[Date "2019.09.09"]
[Round "6"]
[White "Kaustuv, Kundu"]
[Black "Dave, Kantilal"]
[Result "1-0"]
[WhiteElo "2302"]
[BlackElo "1852"]
[PlyCount "51"]
[EventDate "2019.09.06"]
[EventType "swiss"]
[EventRounds "11"]
[EventCountry "IND"]
[SourceTitle "EXT 2020"]
[Source "ChessBase"]
[SourceDate "2019.10.17"]
[SourceVersion "1"]
[SourceVersionDate "2019.10.17"]
[SourceQuality "1"]

1. c4 Nf6 2. Nc3 b6 3. e4 d6 4. g3 Bb7 5. Bg2 e6 6. Nge2 c6 7. 0-0 a6 8. d4 Be7 9. b3 b5 10. cxb5 axb5 11. e5 Nd5 12. Nxd5 cxd5 13. Nf4 dxe5 14. dxe5 Nc6 15. Bb2 b4 16. Qg4 g6 17. Rfd1 h5 18. Qe2 Bg5 19. Nxd5 exd5 20. Rxd5 Qe7 21. e6 fxe6 22. Rxg5 Qxg5 23. Qxe6+ Qe7 24. Bxc6+ Bxc6 25. Qxc6+ Kf7 26. Qf3+ 1-0

[Event "IND-chB 51st"]
[Site "Bhopal"]
[Date "2013.10.21"]
[Round "12"]
[White "Dave, Kantilal"]
[Black "Srinath, Rao SV"]
[Result "1/2-1/2"]
[WhiteElo "2064"]
[BlackElo "1938"]
[PlyCount "87"]
[EventDate "2013.10.12"]
[EventType "swiss"]
[EventRounds "13"]
[EventCountry "IND"]
[SourceTitle "EXT 2014"]
[Source "ChessBase"]
[SourceDate "2013.11.20"]
[SourceVersion "1"]
[SourceVersionDate "2013.11.20"]
[SourceQuality "1"]

1. Nf3 d5 2. d4 Nf6 3. e3 Bg4 4. c4 dxc4 5. Bxc4 e6 6. 0-0 a6 7. Nbd2 Nc6 8. b3 Bb4 9. Bb2 Qe7 10. Be2 Ba3 11. Qc1 Bxb2 12. Qxb2 0-0 13. Rac1 Rfd8 14. a3 e5 15. dxe5 Nxe5 16. Rfe1 Nd3 17. Bxd3 Rxd3 18. Qc2 Rd7 19. b4 Rad8 20. Nd4 Be6 21. N2b3 Bxb3 22. Nxb3 Ng4 23. h3 Ne5 24. Nd4 c6 25. Qb3 Qg5 26. f4 Qg3 27. Qc3 Rxd4 28. exd4 Nd3 29. Rf1 Nxc1 30. Qxc1 Rxd4 31. Rf3 Qh4 32. Qe3 Qd8 33. Kh2 Kf8 34. Qe5 Qd6 35. Qf5 g6 36. Qc8+ Kg7 37. Qxb7 Rxf4 38. Rxf4 Qxf4+ 39. Kh1 Qf1+ 40. Kh2 Qb5 41. Qe7 h5 42. Qc7 g5 43. Qe7 Qd5 44. Qe2 1/2-1/2

[Event "Jalgaon op"]
[Site "Jalgaon"]
[Date "2010.12.01"]
[Round "11"]
[White "Dave, Kantilal"]
[Black "Majumdar, Shankar"]
[Result "1-0"]
[WhiteElo "2151"]
[BlackElo "2075"]
[PlyCount "86"]
[EventDate "2010.11.23"]
[EventType "swiss"]
[EventRounds "11"]
[EventCountry "IND"]
[SourceTitle "CBM 139 Extra"]
[Source "ChessBase"]
[SourceDate "2011.01.05"]
[SourceVersion "1"]
[SourceVersionDate "2011.01.05"]
[SourceQuality "1"]

1. c4 Nf6 2. Nf3 c6 3. b3 d5 4. Bb2 Bg4 5. e3 e6 6. Be2 Nbd7 7. 0-0 Bd6 8. d4 Qe7 9. h3 Bh5 10. Nc3 0-0 11. c5 Bc7 12. b4 e5 13. g4 Bg6 14. dxe5 Nxe5 15. Qd4 Nxf3+ 16. Bxf3 Be5 17. Nxd5 Nxd5 18. Qxe5 Qxe5 19. Bxe5 Nxb4 20. a3 Nd5 21. Rac1 Rfe8 22. Bd4 Rad8 23. Rfe1 h6 24. Kh2 Nc7 25. Red1 Ne6 26. Rc4 Rd7 27. h4 Red8 28. h5 Bh7 29. Kg3 Ng5 30. Bg2 f5 31. f4 Ne6 32. Bh3 Nxd4 33. exd4 fxg4 34. Bxg4 Re7 35. Rc3 Kf8 36. Rf3 b6 37. Rc3 b5 38. Bf3 Be4 39. Bg4 a5 40. Re3 b4 41. axb4 axb4 42. Rd2 Bd5 43. Re5 Ra8 1-0

[Event "New Delhi Parsvnath op 8th"]
[Site "New Delhi"]
[Date "2010.01.20"]
[Round "9"]
[White "Dave, Kantilal"]
[Black "Mohota, Nisha"]
[Result "0-1"]
[WhiteElo "2172"]
[BlackElo "2330"]
[PlyCount "66"]
[EventDate "2010.01.14"]
[EventType "swiss"]
[EventRounds "11"]
[EventCountry "IND"]
[SourceTitle "CBM 134 Extra"]
[Source "ChessBase"]
[SourceDate "2010.03.03"]
[SourceVersion "1"]
[SourceVersionDate "2010.03.03"]
[SourceQuality "1"]

1. c4 c5 2. Nc3 Nc6 3. g3 g6 4. Bg2 Bg7 5. a3 e5 6. e3 Nge7 7. Nge2 d6 8. Rb1 a5 9. 0-0 0-0 10. b3 Rb8 11. d3 Be6 12. e4 Qd7 13. Be3 b6 14. Qd2 Nd4 15. Bxd4 cxd4 16. Nb5 d5 17. a4 dxe4 18. dxe4 Nc6 19. Nc1 f5 20. Nd3 f4 21. Qe2 Bh6 22. f3 fxg3 23. hxg3 Be3+ 24. Kh2 Rf6 25. f4 Qg7 26. Bh3 Qh6 27. f5 gxf5 28. Nc7 f4 29. Nxe6 Rxe6 30. Kg2 Rg6 31. Rf3 Qh4 32. Rh1 Rxg3+ 33. Kf1 Qxh3+ 0-1

[Event "New Delhi Parsvnath op 8th"]
[Site "New Delhi"]
[Date "2010.01.18"]
[Round "7"]
[White "Dave, Kantilal"]
[Black "Sangma, Rahul"]
[Result "1-0"]
[WhiteElo "2172"]
[BlackElo "2387"]
[PlyCount "73"]
[EventDate "2010.01.14"]
[EventType "swiss"]
[EventRounds "11"]
[EventCountry "IND"]
[SourceTitle "CBM 134 Extra"]
[Source "ChessBase"]
[SourceDate "2010.03.03"]
[SourceVersion "1"]
[SourceVersionDate "2010.03.03"]
[SourceQuality "1"]

1. c4 Nf6 2. Nc3 g6 3. g3 Bg7 4. Bg2 e5 5. e3 0-0 6. Nge2 c6 7. 0-0 Re8 8. e4 Na6 9. d3 Nc7 10. f4 d6 11. h3 b5 12. a3 a5 13. cxb5 Nxb5 14. Be3 Ba6 15. Na4 Nd7 16. Rc1 Rc8 17. Qd2 Nd4 18. Bxd4 exd4 19. b4 axb4 20. axb4 Bb5 21. Nb2 Ra8 22. Nc4 Qe7 23. Na5 c5 24. bxc5 Nxc5 25. e5 dxe5 26. Bxa8 Rxa8 27. Qb4 Bxd3 28. Nc6 Qd6 29. Rxc5 Bf8 30. Rfc1 Bxe2 31. Nxe5 Rc8 32. Nxf7 Qxc5 33. Rxc5 Rxc5 34. Qb7 h6 35. Ne5 Rxe5 36. fxe5 d3 37. Kf2 1-0

[Event "New Delhi Parsvnath op 8th"]
[Site "New Delhi"]
[Date "2010.01.14"]
[Round "2"]
[White "Himanshu, Sharma"]
[Black "Dave, Kantilal"]
[Result "1-0"]
[WhiteElo "2457"]
[BlackElo "2172"]
[PlyCount "75"]
[EventDate "2010.01.14"]
[EventType "swiss"]
[EventRounds "11"]
[EventCountry "IND"]
[SourceTitle "CBM 134 Extra"]
[Source "ChessBase"]
[SourceDate "2010.03.03"]
[SourceVersion "1"]
[SourceVersionDate "2010.03.03"]
[SourceQuality "1"]

1. e4 d5 2. exd5 Qxd5 3. Nc3 Qa5 4. d4 Nf6 5. Nf3 c6 6. Bc4 Bg4 7. Bd2 e6 8. h3 Bxf3 9. Qxf3 Qb6 10. Qd3 Nbd7 11. 0-0-0 0-0-0 12. Bb3 Qc7 13. Qf3 Bd6 14. g4 h6 15. h4 Nf8 16. Ne2 Ng6 17. c4 c5 18. h5 Nf8 19. dxc5 Bxc5 20. Bf4 Rxd1+ 21. Rxd1 e5 22. Bg3 N8d7 23. Qf5 Bd6 24. Nc3 a6 25. Ba4 Re8 26. Bxd7+ Nxd7 27. Qxf7 Nf6 28. Qg6 Bb4 29. Nd5 Qxc4+ 30. Kb1 Qb5 31. a4 Qc6 32. Nxf6 Re6 33. Rc1 Bc5 34. Qf5 b6 35. Ne4 Kb7 36. Qf7+ Ka8 37. Nxc5 bxc5 38. Qf8+ 1-0

[Event "New Delhi Parsvnath op 7th"]
[Site "New Delhi"]
[Date "2009.01.18"]
[Round "9"]
[White "Dave, Kantilal"]
[Black "Deshmukh, Anup"]
[Result "0-1"]
[WhiteElo "2125"]
[BlackElo "2311"]
[PlyCount "91"]
[EventDate "2009.01.11"]
[EventType "swiss"]
[EventRounds "10"]
[EventCountry "IND"]
[SourceTitle "CBM 128 Extra"]
[Source "ChessBase"]
[SourceDate "2009.03.05"]
[SourceVersion "2"]
[SourceVersionDate "2009.03.25"]
[SourceQuality "1"]

1. c4 Nf6 2. Nc3 g6 3. g3 Bg7 4. Bg2 0-0 5. e3 e5 6. Nge2 d6 7. d4 Nc6 8. 0-0 Bg4 9. h3 Bd7 10. Kh2 Re8 11. d5 Na5 12. Qd3 a6 13. e4 b5 14. b3 Rb8 15. cxb5 axb5 16. b4 Nb7 17. Be3 c5 18. dxc6 Bxc6 19. Rac1 Qd7 20. a4 Nd8 21. a5 Qb7 22. Rfd1 Bf8 23. Nd5 Nd7 24. a6 Qc8 25. a7 Ra8 26. Nec3 Qb7 27. Ra1 Ne6 28. Ra5 Nd4 29. Bxd4 exd4 30. Nxb5 Ne5 31. Qf1 Bxd5 32. exd5 d3 33. Rda1 h5 34. f4 Nc4 35. Qxd3 Nxa5 36. Rxa5 Qb6 37. h4 Bg7 38. Qb1 Re7 39. Qa2 Re1 40. Qc4 Kh7 41. Ra2 Qg1+ 42. Kh3 Rc1 43. Qe2 Qb6 44. Ra5 Rcc8 45. Qe7 Rc2 46. Be4 0-1

[Event "New Delhi Parsvnath op 6th"]
[Site "New Delhi"]
[Date "2008.01.16"]
[Round "6"]
[White "Dave, Kantilal"]
[Black "Konguvel, Ponnuswamy"]
[Result "1/2-1/2"]
[WhiteElo "2164"]
[BlackElo "2394"]
[PlyCount "62"]
[EventDate "2008.01.13"]
[EventType "swiss"]
[EventRounds "10"]
[EventCountry "IND"]
[SourceTitle "CBM 122 Extra"]
[Source "ChessBase"]
[SourceDate "2008.03.04"]
[SourceVersion "1"]
[SourceVersionDate "2008.03.04"]
[SourceQuality "1"]

1. c4 Nf6 2. Nc3 g6 3. g3 Bg7 4. Bg2 0-0 5. e3 c5 6. Nge2 Nc6 7. 0-0 d6 8. d3 Bf5 9. a3 Qd7 10. e4 Bh3 11. Nf4 Bxg2 12. Kxg2 Ne8 13. Nfe2 Nc7 14. Rb1 Rab8 15. Be3 Nd4 16. b4 b6 17. Nd5 Nxd5 18. Bxd4 Bxd4 19. exd5 Bg7 20. b5 e5 21. dxe6 fxe6 22. d4 d5 23. dxc5 bxc5 24. a4 d4 25. Qd3 Qb7+ 26. f3 Bh6 27. Nc1 Rf5 28. Qe4 Qxe4 29. fxe4 Rxf1 30. Kxf1 Bxc1 31. Rxc1 Kf7 1/2-1/2

[Event "New Delhi Parsvnath op 6th"]
[Site "New Delhi"]
[Date "2008.01.13"]
[Round "2"]
[White "Dave, Kantilal"]
[Black "Ganguly, Surya Shekhar"]
[Result "0-1"]
[WhiteElo "2164"]
[BlackElo "2579"]
[PlyCount "70"]
[EventDate "2008.01.13"]
[EventType "swiss"]
[EventRounds "10"]
[EventCountry "IND"]
[SourceTitle "CBM 122 Extra"]
[Source "ChessBase"]
[SourceDate "2008.03.04"]
[SourceVersion "1"]
[SourceVersionDate "2008.03.04"]
[SourceQuality "1"]

1. e4 c5 2. Nf3 e6 3. d4 cxd4 4. Nxd4 Nc6 5. Nb5 d6 6. c4 Nf6 7. Bg5 a6 8. N5c3 Be7 9. Be3 Qc7 10. Be2 b6 11. 0-0 Ne5 12. Nd2 Bb7 13. Rc1 Rc8 14. f4 Ned7 15. Bf3 0-0 16. Qe2 Rfe8 17. Kh1 Bd8 18. g4 Nf8 19. g5 N6d7 20. Rcd1 Qb8 21. Bg2 Qa8 22. a4 Ng6 23. Qg4 Nc5 24. Qg3 f5 25. Bxc5 Rxc5 26. exf5 Bxg2+ 27. Qxg2 Qxg2+ 28. Kxg2 Rxf5 29. Kg3 Ref8 30. h4 Nxf4 31. Nf3 Bc7 32. Rde1 d5 33. Kg4 Nd3 34. Re3 dxc4 35. Ne2 Ne5+ 0-1

[Event "IND-chB 45th"]
[Site "Dindigul"]
[Date "2007.06.19"]
[Round "12"]
[White "Himanshu, Sharma"]
[Black "Dave, Kantilal"]
[Result "1-0"]
[WhiteElo "2383"]
[BlackElo "2157"]
[PlyCount "59"]
[EventDate "2007.06.11"]
[EventType "swiss"]
[EventRounds "12"]
[EventCountry "IND"]
[SourceTitle "CBM 119 Extra"]
[Source "ChessBase"]
[SourceDate "2007.09.04"]
[SourceVersion "1"]
[SourceVersionDate "2007.09.04"]
[SourceQuality "1"]

1. e4 d5 2. exd5 Qxd5 3. Nc3 Qa5 4. d4 Nf6 5. Bc4 c6 6. Nf3 Bf5 7. Bd2 e6 8. Ne4 Qd8 9. Ng3 Bg6 10. h4 h6 11. Ne5 Bh7 12. Qe2 Nd5 13. 0-0-0 Nd7 14. f4 Nxe5 15. fxe5 Be7 16. Qg4 Qb6 17. Rhf1 g5 18. hxg5 hxg5 19. Rf3 Bxc2 20. Rxf7 Kxf7 21. Kxc2 Raf8 22. Ne4 Rh6 23. Nxg5+ Ke8 24. Ne4 Rh4 25. Qxe6 Kd8 26. Nd6 Qc7 27. Nf7+ Ke8 28. Rf1 Re4 29. Nd6+ Qxd6 30. Rxf8+ 1-0

[Event "IND-ch"]
[Site "India"]
[Date "1994.??.??"]
[Round "16"]
[White "Dave, Kantilal"]
[Black "Prasad, Devaki V"]
[Result "1/2-1/2"]
[WhiteElo "2265"]
[BlackElo "2445"]
[PlyCount "61"]
[EventDate "1994.??.??"]
[EventType "tourn"]
[EventRounds "19"]
[EventCountry "IND"]
[EventCategory "5"]
[SourceTitle "CBM 041 Extra"]
[Source "ChessBase"]
[SourceDate "1994.09.01"]
[SourceVersion "1"]
[SourceVersionDate "1994.09.01"]
[SourceQuality "1"]

1. c4 e5 2. Nc3 d6 3. g3 g6 4. Bg2 Bg7 5. d3 f5 6. e4 Nc6 7. Nge2 Nh6 8. 0-0 0-0 9. Nd5 g5 10. f4 gxf4 11. gxf4 fxe4 12. dxe4 exf4 13. Bxf4 Ne5 14. Rc1 c6 15. Qd2 cxd5 16. Bxh6 dxc4 17. Rxf8+ Qxf8 18. Bxg7 Qxg7 19. Qxd6 Bg4 20. Ng3 Rf8 21. Rf1 Rxf1+ 22. Bxf1 h5 23. Bg2 Kh7 24. Nf5 Bxf5 25. exf5 b6 26. Kh1 Qg5 27. Be4 Qc1+ 28. Kg2 Qg5+ 29. Kh1 Qc1+ 30. Kg2 Qg5+ 31. Kh1 1/2-1/2

[Event "IND-ch"]
[Site "India"]
[Date "1994.??.??"]
[Round "18"]
[White "Dave, Kantilal"]
[Black "Soman, Satchidanand"]
[Result "1/2-1/2"]
[WhiteElo "2265"]
[BlackElo "2320"]
[PlyCount "93"]
[EventDate "1994.??.??"]
[EventType "tourn"]
[EventRounds "19"]
[EventCountry "IND"]
[EventCategory "5"]
[SourceTitle "CBM 041 Extra"]
[Source "ChessBase"]
[SourceDate "1994.09.01"]
[SourceVersion "1"]
[SourceVersionDate "1994.09.01"]
[SourceQuality "1"]

1. c4 f5 2. Nc3 Nf6 3. g3 g6 4. Bg2 Bg7 5. d3 d6 6. e4 e5 7. Nge2 Nc6 8. 0-0 0-0 9. Nd5 Ne7 10. Nec3 c6 11. Nxf6+ Bxf6 12. Bh6 Rf7 13. Qd2 Be6 14. f4 Qd7 15. Rae1 Bh8 16. Kh1 Re8 17. fxe5 dxe5 18. b3 Rd8 19. Rd1 Qc7 20. Be3 f4 21. Bg1 Rdf8 22. Rf2 g5 23. gxf4 gxf4 24. Bf3 Ng6 25. Rg2 Bh3 26. Rg5 Qe7 27. Rh5 Bc8 28. Bf2 Bf6 29. Rg1 Rg7 30. Ne2 Kh8 31. d4 Rd8 32. d5 cxd5 33. cxd5 Bd7 34. Nc1 Rdg8 35. Qe1 Be8 36. Nd3 Nh4 37. Rxg7 Qxg7 38. Rxh4 Bxh4 39. Qf1 Bxf2 40. Qxf2 b6 41. a4 Bd7 42. Ne1 Bh3 43. b4 Qc7 44. Qh4 Qg7 45. Qf2 Rc8 46. Qh4 Rg8 47. Qf2 1/2-1/2